000 00441nam a2200157Ia 4500
008 230917s9999||||xx |||||||||||||| ||und||
020 _cRS60
040 _e19870
_aMAIN
041 _aEnglish
082 _a301.451 H497R
100 _aHewitt, J F
245 4 _aThe ruling races of prehistoric times in India, South western Asia and Southern Europe
260 _aDelhi
_bOriental Publishers
_c1972
300 _aixxiv,627 p.
942 _cBK
999 _c170567
_d170567